000 00554nam a2200181Ia 4500
001 10049
005 20260306161803.0
008 260306t2022||||xx |||||||||||||| ||spa||
041 _aESP
082 _a869.57
_bM61
110 _aMinisterio de Cultura del Perú
245 0 _aNuestros relatos :
_bobras ganadoras de la primera convocatoria del concurso nacional “Nuestros relatos”, del Proyecto Especial Bicentenario, 2020
260 _c2022
300 _a121 páginas :
_c24 cm.
650 _aGEN
654 _aCHU
942 _cLIB
_dJUS
_fJUS
_2ddc
_n
999 _c10049
_d10049